Guess The Country Flags Described By Other Country Flags - Statistics

General Stats
  • This quiz has been taken 20 times
  • The average score is 18 of 21
Answer Stats
Hint Answer % Correct
Italy with an eagle emblem Mexico
100%
Indonesia but upside down Poland
100%
Green Japan Bangladesh
94%
Peru with a maple leaf Canada
94%
Austria flag with a tree Lebanon
94%
Poland but upside down (it's not Indonesia btw) Monaco
94%
China flag but with only one star and it's in the middle Vietnam
94%
The flag of Romania but it's... not Romania? Chad
89%
The flag of Austria but different shade of red + thinner white stripe Latvia
89%
The USA flag subtract 49 stars Liberia
89%
The Indian flag but the blue wheel got replaced by an orange circle Niger
89%
The Thai flag but the colors got swapped Costa Rica
83%
The Irish flag flipped horizontally Ivory Coast
83%
Green Peru Nigeria
83%
Japan but pepsi logo South Korea
83%
Ecuador but the emblem is replaced with an arch of white stars Venezuela
83%
Denmark with a blue cross in the white cross Norway
78%
Puerto Rico but the colors switched Cuba
72%
Türkiye but it has a white circle & the cresent symbol is red Tunisia
72%
Costa Rica with a white circle & a red star leaning more to the left North Korea
56%
Upside down Colombia & the colors are equally ratioed Armenia
50%
No matching quizzes found
Score Distribution
Percent of People with Each Score
Percentile by Number Answered
Your Score History
You have not taken this quiz